00768nam a2200193 a 450000100100000000500170001000800410002704000250006810000240009324500960011724600300021326000450024330000200028870000240030804900090033295201050034195201110044699900170055700002375820200930022438.0110113s2001 dr a 001 0 spa d aDO-SdBNPbspacBNPHU1 aPoissant, C.94891413aLa mejor manera de hacerse rico :bhacer lo que a uno le gusta /cC. Poissant, C. Godefroy.14aCómo llegar a ser rico? aSanto Domingo :bEditora Collada,c2001. a62 p. ;c21 cm.1 aGodefroy, C.948915 aBNPD 0010718PDaPDbPDcCTd2011-01-13iLF1l0o p23758-10r2020-06-25w2020-06-25yLFPDZNo se presta 0010718PDaPDbPDcCTd2011-04-11iLF1l0o p23758-20r2020-06-25te. 2w2020-06-25yLFPDZNo se presta c23254d23254